• 首页
  • 本馆介绍
  • 公告通知
  • 最新文献
  • 馆藏检索
  • 电子资源
  • 读者导购
  • 参考咨询
  • 我的图书馆
  • 登录
  • 详细信息显示
  • 放入我的书架
  • 预约/预借图书
  • 作者相关作品
  • 分类相关作品
  • 丛书相关作品
  • 出版社相关作品

书目信息

  • 表格格式
  • 工作单格式
  • 卡片格式
题名:
烟雾警报
    
 
作者: 埃尔森 著 ;田学文...[等] 译
分册:  
出版信息: 北京   科学出版社  1999.3
页数: 242页
开本: 20cm
丛书名:
单 册:
中图分类: X51
科图分类:
主题词: 空气 , 空气污染 , 空气污染--污染防治
电子资源:
ISBN: 7-03-007460-2
000 00799nam0 2200241 45
001 0104051515
005 20031219104049.4
010    @a7-03-007460-2@dCNY18.00
100    @a20010405d1999 km y0chiy0120 ea
101 0  @achi
105    @a z 000yy
200 1  @a烟雾警报@AYan Wu Jing Bao@e城市空气质量管理@ECheng Shi Kong Qi Zhi Liang Guan Li@f(英)德利克.埃尔森著@F(Ying)De Li Ke.Ai Er Sen Zhu@g田学文...[等]译
210    @a北京@c科学出版社@d1999.3
215    @a242页@d20cm
517    @a城市空气质量管理@ACheng Shi Kong Qi Zhi Liang Guan Li
606 0  @a空气
606 0  @a空气污染
606 0  @a空气污染@x污染防治
690    @aX51@v1
701  0 @a埃尔森@4著
702  0 @a田学文...[等]@ATian Xue Wen...[Deng]@4译
801    @aCN@bTSTC@c20020930
905    @a213230@f5@b296438-442@dX51@e12
    
    烟雾警报:城市空气质量管理/(英)德利克.埃尔森著/田学文...[等]译.-北京:科学出版社,1999.3
    242页;20cm
    
    
    ISBN 7-03-007460-2:CNY18.00
    
●
相关链接 在E读中查询图书 在五车中查询图书 在当当中查询图书 在豆瓣中查询图书


正题名:烟雾警报     索取号:X51/12         预约/预借

序号 登录号 条形码 馆藏地/架位号 状态 备注
1 0296438   002964386   第三借阅区/ [索取号:X51/12] 在馆    
2 0296439   002964395   第三借阅区/ [索取号:X51/12] 在馆    
3 0296440   002964402   第三借阅区/ [索取号:X51/12] 在馆    
4 0296441   002964411   第三借阅区/ [索取号:X51/12] 在馆    
5 0296442   002964420   第二样本阅览室/ [索取号:X51/12] 在馆    
唐山师范学院图书馆 欢迎您!
大连网信软件有限公司© 版权所有